[Event "CZE-chT2a 0405"]
[Site "Czech Republic"]
[Date "2005.03.20"]
[Round "10.6"]
[White "Strejc, Josef"]
[Black "Blecha, Milan"]
[Result "1-0"]
[WhiteElo "2140"]
[BlackElo "2190"]
[PlyCount "55"]
[EventDate "2004.10.17"]
[EventType "team-tourn"]
[EventRounds "11"]
[EventCountry "CZE"]
[SourceTitle "EXT 2007"]
[Source "ChessBase"]
[SourceDate "2006.11.23"]
[SourceVersion "1"]
[SourceVersionDate "2006.11.23"]
[SourceQuality "1"]
[WhiteTeam "Pribram"]
[BlackTeam "Plzen Letna"]
[WhiteTeamCountry "CZE"]
[BlackTeamCountry "CZE"]

1. e4 e6 2. d4 d5 3. e5 c5 4. c3 Qb6 5. Nf3 Nc6 6. a3 c4 7. g3 f6 8. exf6 Nxf6 9. Bh3 Bd6 10. Qe2 0-0 11. 0-0 Ne4 12. Nbd2 Nxd2 13. Bxd2 Qxb2 14. Bxe6+ Bxe6 15. Qxe6+ Kh8 16. Qxd6 Rxf3 17. Qxd5 Rd3 18. Rab1 Qxd2 19. Rxb7 Nxd4 20. cxd4 Rxd4 21. Qf7 Rg8 22. Rxa7 c3 23. Rc7 Rd3 24. a4 h6 25. a5 c2 26. a6 Rc3 27. a7 c1Q 28. a8Q 1-0

[Event "CZE-chT2 0102"]
[Site "Czech Republic"]
[Date "2001.11.04"]
[Round "2.6"]
[White "Strejc, Josef"]
[Black "Volak, Michal"]
[Result "1-0"]
[WhiteElo "2115"]
[BlackElo "2208"]
[PlyCount "99"]
[EventDate "2001.10.??"]
[EventType "team-tourn"]
[EventRounds "11"]
[EventCountry "CZE"]
[SourceTitle "EXT 2006"]
[Source "ChessBase"]
[SourceDate "2005.11.24"]
[SourceVersion "1"]
[SourceVersionDate "2005.11.24"]
[SourceQuality "1"]

1. e4 c5 2. a3 g6 3. d4 Bg7 4. c3 cxd4 5. cxd4 d6 6. Nc3 Nf6 7. Bb5+ Nfd7 8. Nf3 0-0 9. h3 Nc6 10. 0-0 e5 11. Bg5 f6 12. Be3 h6 13. dxe5 dxe5 14. Qd5+ Kh7 15. Bxc6 bxc6 16. Qxc6 Rb8 17. Rfd1 Rxb2 18. Na4 Rb8 19. Bxa7 Rb7 20. Bc5 Re8 21. Bb4 Qc7 22. Qxc7 Rxc7 23. Nc3 Rb7 24. Rac1 Bf8 25. Bxf8 Rxf8 26. Nd5 Kg7 27. Rc3 Ra7 28. Nh4 Nb8 29. Nb6 Be6 30. Rd6 Re8 31. Rg3 g5 32. Nf5+ Bxf5 33. exf5 Ra6 34. Rc3 Re7 35. Rc8 Rb7 36. Nc4 Rxd6 37. Nxd6 Rb6 38. Rc7+ Kg8 39. Nc4 Rc6 40. Rxc6 Nxc6 41. Kf1 h5 42. Ke1 Kf7 43. Kd2 Ke7 44. Kd3 Nd4 45. Ne3 Kd6 46. Kc4 Kc6 47. a4 h4 48. Ng4 Nxf5 49. Nxf6 Nd6+ 50. Kd3 1-0

[Event "Pribram op"]
[Site "Pribram"]
[Date "2000.??.??"]
[Round "?"]
[White "Strejc, Josef"]
[Black "Gibiec, Ernest"]
[Result "1-0"]
[WhiteElo "2139"]
[BlackElo "2233"]
[PlyCount "45"]
[EventDate "2000.??.??"]
[EventType "swiss"]
[EventRounds "9"]
[EventCountry "CZE"]
[SourceTitle "EXT 2003"]
[Source "ChessBase"]
[SourceDate "2002.11.25"]
[SourceVersion "1"]
[SourceVersionDate "2002.11.25"]
[SourceQuality "1"]

1. e4 d6 2. d4 Nf6 3. Nc3 g6 4. Nf3 Bg7 5. Be2 0-0 6. 0-0 a6 7. a4 b6 8. Re1 Nc6 9. Bf4 Nd7 10. Qd2 e5 11. Bh6 Nxd4 12. Nxd4 Bxh6 13. Qxh6 exd4 14. Nd5 c6 15. Nf4 Qf6 16. Rad1 Ne5 17. Nh5 Qh8 18. Qg5 f6 19. Qg3 Kf7 20. Nf4 g5 21. Qb3+ Ke7 22. Nh5 c5 23. c3 1-0

[Event "CZE-ch U18"]
[Site "Czech Republic"]
[Date "1999.??.??"]
[Round "?"]
[White "Strejc, Josef"]
[Black "Cernousek, Lukas"]
[Result "1/2-1/2"]
[WhiteElo "2132"]
[BlackElo "2183"]
[PlyCount "85"]
[EventDate "1999.??.??"]
[EventType "swiss"]
[EventRounds "9"]
[EventCountry "CZE"]
[SourceTitle "EXT 2002"]
[Source "ChessBase"]
[SourceDate "2001.11.25"]
[SourceVersion "1"]
[SourceVersionDate "2001.11.25"]
[SourceQuality "1"]

1. e4 c5 2. a3 Nc6 3. b4 cxb4 4. axb4 Nxb4 5. c3 Nc6 6. d4 d5 7. Bb5 e6 8. e5 Bd7 9. Bd3 Rc8 10. Nh3 Be7 11. Qg4 g6 12. 0-0 f6 13. exf6 Bxf6 14. Qe2 Kf7 15. Nf4 Nge7 16. Qf3 e5 17. Nxd5 Nxd5 18. Qxd5+ Be6 19. Qf3 exd4 20. Bg5 dxc3 21. Nxc3 Kg7 22. Bxf6+ Qxf6 23. Qxf6+ Kxf6 24. Ne4+ Kg7 25. Nc5 Bd5 26. Nxb7 Nb4 27. Be4 Bxe4 28. Nd6 Bd3 29. Rxa7+ Kf6 30. Nxc8 Bxf1 31. Kxf1 Rxc8 32. Rxh7 Rc2 33. Rd7 Nc6 34. Rd6+ Kf5 35. g4+ Kg5 36. h4+ Kxg4 37. Rxg6+ Kxh4 38. Re6 Kh3 39. Re3+ Kg4 40. Re8 Nd4 41. Rg8+ Kf4 42. Rf8+ Nf5 43. Kg2 1/2-1/2

[Event "CZE-chTJ 9900"]
[Site "Czech Republic"]
[Date "1999.??.??"]
[Round "?"]
[White "Vybiral, Zdenek"]
[Black "Strejc, Josef"]
[Result "0-1"]
[WhiteElo "2205"]
[BlackElo "2132"]
[PlyCount "50"]
[EventDate "1999.??.??"]
[EventType "team-tourn"]
[EventRounds "11"]
[EventCountry "CZE"]
[SourceTitle "EXT 2002"]
[Source "ChessBase"]
[SourceDate "2001.11.25"]
[SourceVersion "1"]
[SourceVersionDate "2001.11.25"]
[SourceQuality "1"]

1. d4 f5 2. g3 Nf6 3. Bg2 g6 4. Nc3 d5 5. Nf3 Bg7 6. Bf4 c6 7. 0-0 0-0 8. b4 Nbd7 9. a4 Nh5 10. e3 h6 11. h4 Nhf6 12. Ne5 Nxe5 13. Bxe5 Ne4 14. Bxg7 Kxg7 15. Ne2 g5 16. f3 Nd6 17. hxg5 hxg5 18. f4 g4 19. Nc1 Rh8 20. Nd3 Qe8 21. Kf2 Rh2 22. Kg1 Qh5 23. Nf2 Bd7 24. Qe2 Rh8 25. Nh3 gxh3 0-1

[Event "Klatovy op-A"]
[Site "Klatovy"]
[Date "1998.??.??"]
[Round "?"]
[White "Strejc, Josef"]
[Black "Hasek, Vaclav"]
[Result "1/2-1/2"]
[WhiteElo "2125"]
[BlackElo "2165"]
[PlyCount "52"]
[EventDate "1998.??.??"]
[EventType "swiss"]
[EventRounds "9"]
[EventCountry "CZE"]
[SourceTitle "EXT 2000"]
[Source "ChessBase"]
[SourceDate "1999.11.16"]
[SourceVersion "1"]
[SourceVersionDate "1999.11.16"]
[SourceQuality "1"]

1. e4 Nf6 2. e5 Nd5 3. c4 Nb6 4. c5 Nd5 5. Bc4 e6 6. Nc3 Nxc3 7. dxc3 Qh4 8. Qe2 Bxc5 9. g3 Qe7 10. Qg4 Qf8 11. Bd3 Nc6 12. f4 b6 13. b4 Be7 14. Qe2 Bb7 15. Nf3 f5 16. 0-0 Qf7 17. Bb2 a5 18. a3 0-0 19. Bc4 Rfd8 20. Rad1 Bf8 21. Rd3 axb4 22. cxb4 Ne7 23. Ng5 Qg6 24. Rxd7 Nd5 25. Rxd8 Rxd8 26. Rd1 h6 1/2-1/2

[Event "Klatovy op-A"]
[Site "Klatovy"]
[Date "1997.??.??"]
[Round "?"]
[White "Adamek, Frantisek"]
[Black "Strejc, Josef"]
[Result "0-1"]
[WhiteElo "2050"]
[BlackElo "1915"]
[PlyCount "106"]
[EventDate "1997.??.??"]
[EventType "swiss"]
[EventRounds "9"]
[EventCountry "CZE"]
[SourceTitle "EXT 1998"]
[Source "ChessBase"]
[SourceDate "1997.11.17"]
[SourceVersion "1"]
[SourceVersionDate "1997.11.17"]
[SourceQuality "1"]

1. d4 f5 2. c4 Nf6 3. Nc3 g6 4. e3 Bg7 5. Be2 0-0 6. h4 h6 7. f4 h5 8. Nf3 d6 9. 0-0 Qe8 10. Qc2 Ng4 11. Nd5 Na6 12. c5 e6 13. Nc3 dxc5 14. Bxa6 bxa6 15. dxc5 Qc6 16. Ne2 e5 17. fxe5 Nxe5 18. Ned4 Nxf3+ 19. Rxf3 Qd5 20. Ne2 Rd8 21. Nf4 Qd1+ 22. Qxd1 Rxd1+ 23. Rf1 Rxf1+ 24. Kxf1 Kf7 25. Rb1 Bb7 26. b4 Rd8 27. Ke2 Bc6 28. Bd2 Bf6 29. g3 Be5 30. Ke1 Bxf4 31. gxf4 Rd3 32. Rb2 Ke6 33. Bc1 Ba4 34. Kf2 Rd1 35. Bd2 Kd5 36. Bc3 Rh1 37. Kg3 Rg1+ 38. Kh3 Rh1+ 39. Kg3 Rg1+ 40. Kh3 Ke4 41. Be5 c6 42. Bd4 Kf3 43. Rd2 Bb5 44. Kh2 Rg4 45. Kh3 Bf1+ 46. Kh2 Rxh4+ 47. Kg1 Be2 48. a4 Rg4+ 49. Kh2 Rg2+ 50. Kh1 Kg3 51. Rb2 Rf2 52. Rb1 Bf3+ 53. Kg1 Rg2+ 0-1

[Event "Klatovy op-A"]
[Site "Klatovy"]
[Date "1997.??.??"]
[Round "?"]
[White "Brom, Jiri"]
[Black "Strejc, Josef"]
[Result "0-1"]
[WhiteElo "2035"]
[BlackElo "1915"]
[PlyCount "48"]
[EventDate "1997.??.??"]
[EventType "swiss"]
[EventRounds "9"]
[EventCountry "CZE"]
[SourceTitle "EXT 1998"]
[Source "ChessBase"]
[SourceDate "1997.11.17"]
[SourceVersion "1"]
[SourceVersionDate "1997.11.17"]
[SourceQuality "1"]

1. e4 c5 2. c4 Nc6 3. Ne2 g6 4. d4 cxd4 5. Nxd4 Bg7 6. Be3 d6 7. Nc3 Nf6 8. Be2 0-0 9. 0-0 Bd7 10. Rc1 Rc8 11. b3 Ne5 12. f3 Nc6 13. Qd2 Ne8 14. Rfd1 f5 15. exf5 gxf5 16. Nxc6 bxc6 17. c5 Qa5 18. cxd6 Nxd6 19. Bg5 Bf6 20. Bxf6 Rxf6 21. Nd5 Qxd5 22. Bc4 Nxc4 23. Qg5+ Rg6 24. Qxe7 Qxf3 0-1